|
|
|
|
| LEADER |
00716nam a2200253 a 4500 |
| 001 |
adlib96000001 |
| 003 |
ViArRB |
| 005 |
20151026132426.0 |
| 008 |
960221s1955 dcuabcdjdbkoqu001 0deng d |
| 020 |
|
|
|a 9780415428644
|
| 022 |
|
|
|
| 040 |
|
|
|a Adlib
|
| 082 |
|
|
|a 616.993.1
|
| 245 |
|
|
|a Emerging protozoan pathogens
|
| 250 |
|
|
|
| 260 |
|
|
|a New York
|b Taylor And Francis
|c 2008
|
| 300 |
|
|
|a xvi,510p
|
| 500 |
|
|
|a
|
| 100 |
|
|
|a Khan, Naveed Ahmed
|e ed.by
|
| 700 |
|
|
|
| 942 |
|
|
|c BK
|6 _
|
| 653 |
|
|
|a Photozoan diseases
|a Protozoa, pathogenic
|a Emerging infections diseases
|
| 999 |
|
|
|c 48526
|d 48526
|
| 952 |
|
|
|0 0
|1 0
|4 0
|6 6169931_KHA
|7 0
|9 61174
|a UL
|b UL
|d 2010-06-16
|o 616.993.1 KHA
|p 00062286
|r 2010-06-16
|w 2010-06-16
|y BK
|